01252 2200217 4500001002100000005001500021035002000036007000300056008004100059020001800100082001100118084001700129100002300146245006800169250001000237260003600247300003100283700001900314520068500333990001601018INLIS00000000000005520260423100743 a0010-0426000055ta260423 b f ind  a9789797529390 a153.35 a153.35 AMI m0 aAmira Budi Mutiara1 aMy Sweet Heart :bKecil-Kecil Punya Karya /cAmira Budi Mutiara aCet.1 aBandung :bMizan Pustaka,c2009 a128 hlm. :bIlus. ;c21 cm0 aDadan Ramadhan aBuku My Sweet Heart merupakan cerita anak yang mengisahkan kehidupan sehari-hari tokoh utama dalam menjalin persahabatan dan menunjukkan sikap kasih sayang terhadap sesama. Melalui berbagai peristiwa sederhana, tokoh-tokoh dalam cerita belajar untuk saling menghargai, membantu, dan memahami perasaan orang lain. Disajikan dengan ilustrasi menarik dan bahasa yang ringan, buku ini menanamkan nilai-nilai positif seperti kebaikan hati, kepedulian, serta pentingnya menjalin hubungan yang harmonis dengan teman. Selain itu, buku ini juga mengandung pesan moral yang sesuai dengan nilai-nilai Islami, sehingga dapat menjadi bacaan yang menghibur sekaligus mendidik bagi anak-anak. a00000000063